[Event "Kandidatklassen 2001"]
[Site "Nyborg"]
[Date "2001.04.10"]
[Round "1"]
[White "Lindestrom, Torsten"]
[Black "Matthiesen, Martin"]
[Result "1/2-1/2"]
[WhiteElo "2237"]
[BlackElo "2295"]
[PlyCount "36"]
[EventDate "2001.??.??"]

1. d4 g6 2. e4 Bg7 3. c4 d6 4. Be3 Nf6 5. f3 O-O 6. Ne2 Nc6 7. Qd2 a6 8. Na3
Bd7 9. Nc3 e5 10. d5 Nd4 11. Ne2 Nxe2 12. Bxe2 Nh5 13. O-O-O f5 14. Bd3 Nf6 15.
h3 Nh5 16. c5 fxe4 17. fxe4 Ng3 18. Rhe1 dxc5 1/2-1/2

[Event "Kandidatklassen 2001"]
[Site "Nyborg"]
[Date "2001.04.10"]
[Round "1"]
[White "Pedersen, Christian Kyndel"]
[Black "Skytte, Rasmus"]
[Result "1/2-1/2"]
[WhiteElo "2222"]
[BlackElo "2340"]
[PlyCount "47"]
[EventDate "2001.??.??"]

1. e4 d5 2. exd5 Qxd5 3. Nc3 Qa5 4. d4 Bf5 5. Nf3 e6 6. Bd2 c6 7. Bc4 Nf6 8.
Qe2 Bb4 9. O-O-O Nbd7 10. Ne5 Nxe5 11. dxe5 Nd5 12. Bxd5 exd5 13. a3 Bxc3 14.
Bxc3 Qc7 15. g4 Bg6 16. Qe3 Qd7 17. f3 b6 18. Rhe1 Qe6 19. h3 h5 20. Qg5 hxg4
21. hxg4 Qe7 22. Qf4 Qe6 23. Qg5 Qe7 24. Qf4 1/2-1/2

[Event "Kandidatklassen 2001"]
[Site "Nyborg"]
[Date "2001.04.10"]
[Round "1"]
[White "Hagen, Andreas Skytte"]
[Black "Rasmussen, Allan Stig"]
[Result "0-1"]
[WhiteElo "2073"]
[BlackElo "2274"]
[PlyCount "56"]
[EventDate "2001.??.??"]

1. d4 f5 2. Nc3 d5 3. f3 Nf6 4. Bg5 Be6 5. Nh3 Nbd7 6. Qd3 g6 7. Nf4 Bf7 8.
Bxf6 Nxf6 9. Qb5+ Nd7 10. Qxb7 Rb8 11. Qxa7 c6 12. Nd3 Bg7 13. e3 e5 14. dxe5
Nxe5 15. Qc5 Qc7 16. Nxe5 Bxe5 17. Kf2 d4 18. Nd1 dxe3+ 19. Nxe3 Bd6 20. Qd4
O-O 21. Nc4 Rfd8 22. Nxd6 Rxd6 23. Qe3 Re8 24. Qc3 Qa7+ 25. Kg3 f4+ 26. Kxf4
Qf2 27. h4 Rd4+ 28. Kg5 Qg3+ 0-1

[Event "Kandidatklassen 2001"]
[Site "Nyborg"]
[Date "2001.04.10"]
[Round "1"]
[White "Carstensen, Jacob"]
[Black "Pedersen, Jan Rode"]
[Result "0-1"]
[WhiteElo "2224"]
[BlackElo "2182"]
[PlyCount "78"]
[EventDate "2001.??.??"]

1. d4 Nf6 2. c4 g6 3. Nc3 d5 4. Nf3 Bg7 5. Qb3 c6 6. cxd5 Nxd5 7. e4 Nb6 8. Be3
Be6 9. d5 cxd5 10. Rd1 d4 11. Qc2 Bg4 12. Bb5+ Nc6 13. e5 Bxf3 14. Rxd4 Qc7 15.
gxf3 Bxe5 16. Re4 Bg7 17. Bxb6 axb6 18. Nd5 Qd6 19. Nxe7 Kf8 20. O-O Nxe7 21.
Rd1 Qc5 22. Qd3 Bf6 23. b4 Qg5+ 24. Rg4 Qf5 25. Qe2 Nc6 26. Bd3 Qe5 27. Re4
Qg5+ 28. Rg4 Nd4 29. Qe4 Qe5 30. Qxb7 Re8 31. Bc4 Re7 32. Qxb6 Nxf3+ 33. Kg2
Qf5 34. Rg3 Ne5 35. Bd5 Kg7 36. a4 h5 37. Re1 h4 38. Be4 Qf4 39. Rge3 Ng4 0-1

[Event "Kandidatklassen 2001"]
[Site "Nyborg"]
[Date "2001.04.10"]
[Round "1"]
[White "Lund, Silas"]
[Black "Baekgaard, Martin"]
[Result "1-0"]
[WhiteElo "2305"]
[BlackElo "2259"]
[PlyCount "95"]
[EventDate "2001.??.??"]

1. c4 f5 2. d4 Nf6 3. g3 g6 4. Bg2 Bg7 5. Nc3 d6 6. d5 Na6 7. Nh3 Nc5 8. Rb1
O-O 9. O-O e5 10. b4 Nce4 11. Nxe4 fxe4 12. Ng5 Bf5 13. Ne6 Bxe6 14. dxe6 Qe8
15. Bh3 h6 16. Qc2 Kh7 17. Rb3 a6 18. Bb2 h5 19. c5 Qc6 20. Rc1 Rfc8 21. Bg2 d5
22. Bxe5 Qxe6 23. Qb2 Rf8 24. Rf1 Ne8 25. Bxg7 Nxg7 26. b5 a5 27. b6 c6 28. Ra3
Qe7 29. Qc3 Ne6 30. Rc1 Qf6 31. Qxf6 Rxf6 32. Ra4 g5 33. f3 exf3 34. exf3 Kg6
35. Bh3 Kf7 36. Rc3 Rh6 37. Rca3 Nxc5 38. Rxa5 Rxa5 39. Rxa5 Ne6 40. Ra7 Nc5
41. Bc8 d4 42. Bxb7 Nxb7 43. Rxb7+ Ke6 44. Rb8 Kd7 45. Rg8 d3 46. b7 d2 47.
Rd8+ Kxd8 48. b8=Q+ 1-0

[Event "Kandidatklassen 2001"]
[Site "Nyborg"]
[Date "2001.04.10"]
[Round "1"]
[White "Matthiesen, Arne"]
[Black "Larsen, Karsten"]
[Result "1-0"]
[WhiteElo "2270"]
[BlackElo "2320"]
[PlyCount "83"]
[EventDate "2001.??.??"]

1. Nf3 Nf6 2. c4 g6 3. d4 Bg7 4. g3 d6 5. Bg2 O-O 6. O-O c5 7. d5 b5 8. cxb5 a6
9. bxa6 Bxa6 10. Nc3 Nbd7 11. Rb1 Qa5 12. Bd2 Rfb8 13. Qc2 Ra7 14. Rfe1 Rab7
15. b3 Qa3 16. Bc1 Qa5 17. Bb2 Rb4 18. Nd2 Ne5 19. Na4 c4 20. Bc3 cxb3 21. axb3
Nxd5 22. Bxb4 Nxb4 23. Qd1 h5 24. Nf3 Ng4 25. Qd2 Qf5 26. h3 Ne5 27. Nxe5 Qxe5
28. h4 Bf6 29. Rbc1 Qe6 30. Nc3 Qxb3 31. Nd5 Nxd5 32. Bxd5 Qb2 33. Qh6 Bg7 34.
Qxg6 e6 35. Bxe6 fxe6 36. Rb1 Qxb1 37. Rxb1 Rxb1+ 38. Qxb1 Bxe2 39. Qb8+ Bf8
40. Qe8 e5 41. Qg6+ Kh8 42. f3 1-0

[Event "Kandidatklassen 2001"]
[Site "Nyborg"]
[Date "2001.04.10"]
[Round "1"]
[White "Grabow, Pouelsten Holm"]
[Black "Pedersen, Jan"]
[Result "0-1"]
[WhiteElo "2186"]
[BlackElo "2358"]
[PlyCount "78"]
[EventDate "2001.??.??"]

1. c4 e5 2. Nc3 Nc6 3. g3 d6 4. Bg2 Be6 5. d3 Qd7 6. b4 g6 7. b5 Nd8 8. e3 Bg7
9. Qc2 Ne7 10. a4 O-O 11. Nge2 Bh3 12. O-O Bxg2 13. Kxg2 Ne6 14. e4 f5 15. f3
Rf7 16. Bd2 Raf8 17. Nd5 c6 18. Nxe7+ Rxe7 19. Rab1 c5 20. Rbe1 Ref7 21. Ng1 h5
22. Qd1 f4 23. Re2 Nd4 24. Ref2 Bh6 25. Nh3 g5 26. Ng1 g4 27. gxf4 exf4 28.
fxg4 hxg4 29. Kh1 Qe6 30. h3 g3 31. Rg2 Qg6 32. Nf3 Qh5 33. h4 Nxf3 34. Qxf3
Qxh4+ 35. Kg1 Bg7 36. Rd1 Bd4+ 37. Kf1 Qh1+ 38. Ke2 Qxg2+ 39. Qxg2 f3+ 0-1

[Event "Kandidatklassen 2001"]
[Site "Nyborg"]
[Date "2001.04.10"]
[Round "1"]
[White "Christensen, Stefan"]
[Black "Rasmussen, Casper Dahl"]
[Result "1/2-1/2"]
[WhiteElo "2160"]
[BlackElo "2255"]
[PlyCount "57"]
[EventDate "2001.??.??"]

1. e4 c5 2. Nf3 e6 3. d4 cxd4 4. Nxd4 a6 5. Nc3 Qc7 6. Be2 Nf6 7. O-O Bc5 8.
Nb3 Be7 9. f4 d6 10. Bf3 Nc6 11. a4 Rb8 12. Be3 b6 13. Kh1 Bb7 14. g4 Nd7 15.
g5 O-O 16. Bg2 Nb4 17. Nd4 Rfe8 18. Qh5 g6 19. Qh6 Bf8 20. Qh4 Bg7 21. Rf2 Re7
22. Raf1 Rbe8 23. Nb3 f5 24. gxf6 Bxf6 25. Qh6 Bg7 26. Qg5 Bf6 27. Qh6 Bg7 28.
Qg5 Bf6 29. Qh6 1/2-1/2

[Event "Kandidatklassen 2001"]
[Site "Nyborg"]
[Date "2001.04.10"]
[Round "1"]
[White "Aagaard, Jacob"]
[Black "Sorensen, Torben N"]
[Result "1/2-1/2"]
[WhiteElo "2364"]
[BlackElo "2327"]
[PlyCount "112"]
[EventDate "2001.??.??"]

1. e4 c5 2. Nf3 Nc6 3. Bb5 g6 4. O-O Bg7 5. c3 Nf6 6. Re1 O-O 7. d4 d5 8. exd5
Qxd5 9. c4 Qd6 10. dxc5 Qxd1 11. Rxd1 Ne4 12. Nbd2 Rd8 13. Re1 Nxc5 14. Bxc6
bxc6 15. Nb3 Nd3 16. Rxe7 Nxc1 17. Rxc1 Bxb2 18. Rb1 Bf6 19. Re3 Rb8 20. Ne5
Bxe5 21. Rxe5 Be6 22. Rc5 Rb4 23. Rxc6 Bxc4 24. h3 Rd7 25. Kh2 Rdb7 26. Ra1
Bxb3 27. axb3 Rxb3 28. Rca6 Rb2 29. f3 Rf2 30. Kg3 Rbb2 31. Rg1 Ra2 32. Rxa7
Rxg2+ 33. Rxg2 Rxa7 34. Rb2 Kg7 35. Rb6 Kh6 36. Rb5 f5 37. h4 Kh5 38. Rb4 Ra2
39. Rc4 h6 40. Rf4 Rb2 41. Kh3 Rc2 42. Kg3 Rc5 43. Ra4 Rb5 44. Rc4 g5 45. hxg5
hxg5 46. Rc2 Rb3 47. Kg2 f4 48. Ra2 Kh4 49. Rc2 g4 50. fxg4 Kxg4 51. Ra2 Rg3+
52. Kf2 Rh3 53. Ra8 Rh2+ 54. Kg1 Rb2 55. Ra3 Rc2 56. Kf1 Rb2 1/2-1/2

[Event "Kandidatklassen 2001"]
[Site "Nyborg"]
[Date "2001.04.10"]
[Round "1"]
[White "El Kher, Henrik"]
[Black "Bromann, Thorbjorn"]
[Result "1/2-1/2"]
[WhiteElo "2316"]
[BlackElo "2299"]
[PlyCount "80"]
[EventDate "2001.??.??"]

1. d4 d5 2. c4 Nc6 3. Nc3 dxc4 4. Nf3 Nf6 5. e4 Bg4 6. Be3 Bxf3 7. gxf3 e5 8.
d5 Nb8 9. Bxc4 Nbd7 10. Qb3 Bc5 11. Qxb7 Rb8 12. Qa6 Bxe3 13. fxe3 Rxb2 14. Qa3
Rb6 15. Ke2 Qe7 16. Qxe7+ Kxe7 17. Na4 Rb4 18. Bb3 Rhb8 19. Rac1 Ne8 20. Nb2
R4b5 21. Nd3 Ra5 22. Rc4 Rb7 23. Rhc1 Kd8 24. Nb4 Nb8 25. Nd3 Nd7 26. Rb4 Rxb4
27. Nxb4 Nb8 28. f4 f6 29. fxe5 fxe5 30. Rf1 Nf6 31. Rf5 Rb5 32. Nd3 Nxe4 33.
Rf7 Nd7 34. Rxg7 Nef6 35. Bc4 Rb1 36. Rg5 e4 37. Nf2 Rb2+ 38. Kf1 Rb1+ 39. Ke2
Rb2+ 40. Kf1 Rb1+ 1/2-1/2

[Event "Kandidatklassen 2001"]
[Site "Nyborg"]
[Date "2001.04.10"]
[Round "1"]
[White "Pedersen, Nicolai Vesterbaek"]
[Black "Harholm, Jes Uffe"]
[Result "1-0"]
[WhiteElo "2365"]
[BlackElo "2134"]
[PlyCount "112"]
[EventDate "2001.??.??"]

1. d4 e6 2. c4 Bb4+ 3. Bd2 a5 4. Nf3 d6 5. g3 Nc6 6. Bg2 e5 7. O-O Bxd2 8. Qxd2
exd4 9. Nxd4 Nxd4 10. Qxd4 Qf6 11. Qd2 Qh6 12. Rd1 Qxd2 13. Rxd2 Nf6 14. Nc3
O-O 15. Rc1 Ne8 16. Nd5 c6 17. Nb6 Rb8 18. Rc3 Be6 19. Ra3 Nc7 20. Rxa5 Na8 21.
Nxa8 Rxa8 22. Rxa8 Rxa8 23. b3 Kf8 24. Kf1 Ke7 25. Ke1 Ra5 26. Kd1 g5 27. h3
Ra8 28. Kc1 Ra5 29. Kb2 Ra8 30. Kc3 Ra6 31. Kb2 Ra8 32. Rd1 Ra5 33. e3 Rf5 34.
Rf1 Rf6 35. f4 gxf4 36. exf4 Rh6 37. Kc3 f5 38. Re1 Kd7 39. Rg1 Rg6 40. Bf3 Rh6
41. Rh1 Kc7 42. a4 c5 43. a5 Bc8 44. Bd5 b6 45. axb6+ Kxb6 46. Bf7 Bb7 47. Rh2
Rf6 48. Bh5 d5 49. cxd5 Bxd5 50. Re2 Be4 51. Re3 Bg2 52. h4 Bc6 53. Re5 Rh6 54.
Rxf5 Be4 55. Re5 Bb1 56. Bf7 Kb5 1-0

[Event "Kandidatklassen 2001"]
[Site "Nyborg"]
[Date "2001.04.10"]
[Round "1"]
[White "Borbjerggaard, Lars"]
[Black "Palo, Davor"]
[Result "1/2-1/2"]
[WhiteElo "2373"]
[BlackElo "2324"]
[PlyCount "167"]
[EventDate "2001.??.??"]

1. d4 d5 2. c4 c6 3. Nc3 Nf6 4. Nf3 e6 5. cxd5 exd5 6. Bg5 h6 7. Bf4 Bf5 8. e3
Qb6 9. Qc1 Nbd7 10. Be2 Be7 11. O-O O-O 12. a3 Ne4 13. Nd2 Bd6 14. Bxd6 Nxd6
15. Na4 Qc7 16. b4 Rfc8 17. Nc5 Nf6 18. Re1 a5 19. f3 Re8 20. Bf1 Re7 21. Qc3
b6 22. Nd3 axb4 23. Nxb4 c5 24. dxc5 Qxc5 25. Qxc5 bxc5 26. Nxd5 Nxd5 27. e4
Nf6 28. exf5 Rxe1 29. Rxe1 Rxa3 30. Nc4 Nxc4 31. Bxc4 Rc3 32. Bb5 Rb3 33. Bc4
Rb4 34. Rc1 Kf8 35. Ba6 Rb6 36. Ra1 Nd7 37. h3 Ke7 38. g4 Rb2 39. f4 Nb6 40.
Re1+ Kd6 41. g5 hxg5 42. fxg5 c4 43. h4 c3 44. h5 Nd5 45. h6 gxh6 46. gxh6 Rb4
47. Rc1 Ke5 48. Kf2 Nf6 49. Ke3 Rh4 50. Bb7 Rxh6 51. Kd3 Rh3+ 52. Kc2 Ne4 53.
Re1 Rh2+ 54. Kc1 Rh4 55. f6 Kd4 56. Bxe4 Rxe4 57. Rf1 Re6 58. Rf5 Re1+ 59. Kc2
Re2+ 60. Kc1 Re5 61. Rf3 Rh5 62. Kc2 Rh2+ 63. Kc1 Re2 64. Kd1 Re6 65. Kc1 Rc6
66. Kc2 Ke5 67. Rh3 Kf5 68. Rh1 Kg6 69. Rh2 Kg5 70. Rh1 Rc4 71. Rf1 Rf4 72.
Rg1+ Rg4 73. Rf1 Rg3 74. Rf2 Kg4 75. Re2 Rf3 76. Re7 Rxf6 77. Kxc3 Rc6+ 78. Kd3
f5 79. Ke2 Rc2+ 80. Kf1 f4 81. Rf7 Kg3 82. Rf8 Ra2 83. Rf7 Kf3 84. Kg1 1/2-1/2

[Event "Kandidatklassen 2001"]
[Site "Nyborg"]
[Date "2001.04.10"]
[Round "2"]
[White "Borbjerggaard, Lars"]
[Black "Pedersen, Christian Kyndel"]
[Result "0-1"]
[WhiteElo "2373"]
[BlackElo "2222"]
[PlyCount "60"]
[EventDate "2001.??.??"]

1. d4 Nf6 2. c4 d6 3. Nc3 g6 4. e4 Bg7 5. f4 O-O 6. Nf3 Na6 7. Be2 e5 8. fxe5
dxe5 9. d5 Nc5 10. Qc2 Nfxe4 11. Nxe4 Bf5 12. Bg5 f6 13. Bxf6 Bxf6 14. Nxf6+
Qxf6 15. Qc3 Na4 16. Qe3 e4 17. Nd4 c5 18. dxc6 Rad8 19. Nb3 Qxb2 20. c5 Be6
21. cxb7 Nxc5 22. Rc1 Nxb7 23. Rf1 Rxf1+ 24. Kxf1 Qxa2 25. Rc7 Rf8+ 26. Ke1
Bxb3 27. Rxb7 Qb1+ 28. Kd2 Qb2+ 29. Ke1 Qa1+ 30. Kd2 Rd8+ 0-1

[Event "Kandidatklassen 2001"]
[Site "Nyborg"]
[Date "2001.04.10"]
[Round "2"]
[White "Pedersen, Jan"]
[Black "Pedersen, Nicolai Vesterbaek"]
[Result "0-1"]
[WhiteElo "2358"]
[BlackElo "2365"]
[PlyCount "72"]
[EventDate "2001.??.??"]

1. e4 e5 2. Nf3 Nc6 3. Bc4 Nf6 4. d3 Be7 5. O-O O-O 6. Nc3 d6 7. h3 Na5 8. Bb3
Nxb3 9. axb3 c6 10. Re1 Be6 11. d4 Qc7 12. Bg5 a6 13. d5 Bd7 14. dxc6 bxc6 15.
Qd3 Bc8 16. Nd2 h6 17. Be3 Rd8 18. Nc4 d5 19. exd5 cxd5 20. Nb6 d4 21. Nxa8 Qc6
22. Bxd4 Rxd4 23. Qf3 e4 24. Qe3 Bc5 25. Ra5 Bb7 26. Rxc5 Qxc5 27. Nc7 Qe5 28.
Ra1 Rd6 29. Qa7 Bc8 30. Qb8 Rd8 31. Nxa6 Qxb8 32. Nxb8 Bb7 33. Ra4 Rxb8 34. Rb4
Kf8 35. Na4 Nd7 36. c4 Ke7 0-1

[Event "Kandidatklassen 2001"]
[Site "Nyborg"]
[Date "2001.04.10"]
[Round "2"]
[White "Pedersen, Jan Rode"]
[Black "Matthiesen, Arne"]
[Result "1/2-1/2"]
[WhiteElo "2182"]
[BlackElo "2270"]
[PlyCount "50"]
[EventDate "2001.??.??"]

1. e4 c5 2. Nf3 Nc6 3. Bb5 d6 4. Bxc6+ bxc6 5. O-O g6 6. d4 cxd4 7. Qxd4 f6 8.
Rd1 Bg4 9. Nbd2 Nh6 10. h3 Bd7 11. Nc4 Nf7 12. b4 Bg7 13. Bb2 O-O 14. a3 Qc8
15. Nh2 Rd8 16. Ne3 Qb7 17. c4 c5 18. Qc3 cxb4 19. axb4 Rdc8 20. Nd5 Bb5 21. c5
Ne5 22. Ng4 Nc4 23. cxd6 Nxd6 24. Qd4 Ne8 25. Rac1 Be2 1/2-1/2

[Event "Kandidatklassen 2001"]
[Site "Nyborg"]
[Date "2001.04.11"]
[Round "2"]
[White "Palo, Davor"]
[Black "Skytte, Rasmus"]
[Result "1/2-1/2"]
[WhiteElo "2324"]
[BlackElo "2340"]
[PlyCount "72"]
[EventDate "2001.??.??"]

1. d4 d6 2. g3 e5 3. dxe5 dxe5 4. Qxd8+ Kxd8 5. Nc3 Bb4 6. Bg5+ f6 7. O-O-O+
Bd7 8. Bd2 Kc8 9. Bg2 Be6 10. f4 Nd7 11. Nf3 h6 12. fxe5 fxe5 13. Ne4 Bxd2+ 14.
Rxd2 Ngf6 15. Nxf6 gxf6 16. Nh4 c6 17. Rd6 Re8 18. Rhd1 Kc7 19. Bf3 Nf8 20. Be4
Rad8 21. Rxd8 Rxd8 22. Rf1 Nd7 23. Bf5 Kd6 24. Rd1+ Ke7 25. Bxe6 Kxe6 26. e4
Rh8 27. b4 Nb6 28. Nf5 Nc4 29. a4 a6 30. a5 Rc8 31. Rd3 c5 32. bxc5 Rxc5 33.
Rc3 Rc6 34. Nxh6 Nxa5 35. Rxc6+ bxc6 36. Nf5 Nb7 1/2-1/2

[Event "Kandidatklassen 2001"]
[Site "Nyborg"]
[Date "2001.04.10"]
[Round "2"]
[White "El Kher, Henrik"]
[Black "Aagaard, Jacob"]
[Result "1-0"]
[WhiteElo "2316"]
[BlackElo "2364"]
[PlyCount "75"]
[EventDate "2001.??.??"]

1. e4 c5 2. c3 e6 3. d4 d5 4. exd5 exd5 5. Nf3 Nc6 6. Be3 c4 7. b3 cxb3 8. axb3
Bd6 9. Bd3 Nge7 10. O-O O-O 11. Na3 Bf5 12. Nc2 Qd7 13. c4 Bc7 14. Nh4 Bxd3 15.
Qxd3 Rad8 16. c5 b6 17. b4 bxc5 18. bxc5 Qg4 19. Nf3 Rb8 20. Na3 Qe4 21. Qa6
Rfc8 22. Rfe1 Nb4 23. Qa4 Nec6 24. Bd2 Qg6 25. Bxb4 Rxb4 26. Qa6 Rcb8 27. Nb5
Bf4 28. Nxa7 Nxa7 29. Qxa7 h5 30. Qd7 Rb1 31. Raxb1 Rxb1 32. Qe8+ Kh7 33. g3
Rxe1+ 34. Qxe1 Bc7 35. Kg2 Bd8 36. Qe8 Bf6 37. c6 Qc2 38. Qd7 1-0

[Event "Kandidatklassen 2001"]
[Site "Nyborg"]
[Date "2001.04.10"]
[Round "2"]
[White "Bromann, Thorbjorn"]
[Black "Sorensen, Torben N"]
[Result "1-0"]
[WhiteElo "2299"]
[BlackElo "2327"]
[PlyCount "59"]
[EventDate "2001.??.??"]

1. e4 c5 2. Nf3 Nc6 3. d4 cxd4 4. Nxd4 g6 5. Be2 Bg7 6. Nb3 Nf6 7. Nc3 O-O 8.
O-O a5 9. a4 Nb4 10. Bf3 d6 11. Nd4 Bd7 12. Nde2 Rc8 13. Nf4 Bc6 14. Be3 Nd7
15. Qd2 e6 16. Rad1 Qe7 17. Rfe1 Rfd8 18. Nd3 Nc5 19. Bg5 Bf6 20. Bxf6 Qxf6 21.
Qe2 Nxa4 22. Nxb4 axb4 23. Nxa4 Bxa4 24. b3 Bc6 25. Qd2 Qc3 26. Re3 Qc5 27. Rd3
Bb5 28. Rd4 Qxc2 29. Qxb4 Bc6 30. R4d2 1-0

[Event "Kandidatklassen 2001"]
[Site "Nyborg"]
[Date "2001.04.11"]
[Round "2"]
[White "Baekgaard, Martin"]
[Black "Hagen, Andreas Skytte"]
[Result "0-1"]
[WhiteElo "2259"]
[BlackElo "2073"]
[PlyCount "80"]
[EventDate "2001.??.??"]

1. Nf3 Nf6 2. g3 g6 3. Bg2 Bg7 4. d4 c5 5. c4 O-O 6. O-O cxd4 7. Nxd4 Nc6 8.
Nc3 Nxd4 9. Qxd4 d6 10. Bd2 a6 11. b3 Rb8 12. Rac1 Be6 13. Qd3 Qd7 14. a4 Bh3
15. Rfd1 Bxg2 16. Kxg2 h6 17. e4 Rfc8 18. f3 Kh7 19. Be3 Qd8 20. Ba7 Ra8 21.
Bd4 Rc6 22. Qe2 Qh8 23. Rc2 Nd7 24. Bxg7 Qxg7 25. Nd5 Qf8 26. f4 Rac8 27. Rf1
e6 28. f5 gxf5 29. Ne3 fxe4 30. Qh5 f5 31. Rcf2 Rc5 32. Qd1 Qe7 33. b4 Rxc4 34.
Nxc4 Rxc4 35. Rd2 d5 36. Rxd5 exd5 37. Qxd5 Rc2+ 38. Kh1 Nf6 39. Qxf5+ Kg7 40.
g4 Qd6 0-1

[Event "Kandidatklassen 2001"]
[Site "Nyborg"]
[Date "2001.04.10"]
[Round "2"]
[White "Rasmussen, Casper Dahl"]
[Black "Matthiesen, Martin"]
[Result "0-1"]
[WhiteElo "2255"]
[BlackElo "2295"]
[PlyCount "78"]
[EventDate "2001.??.??"]

1. e4 e5 2. Nf3 Nc6 3. d4 exd4 4. Nxd4 Bc5 5. Nb3 Bb6 6. Nc3 Nf6 7. a4 a5 8.
Bg5 h6 9. Bh4 d6 10. Bb5 Bd7 11. O-O g5 12. Bg3 h5 13. Nd5 Nxd5 14. exd5 Ne7
15. h4 Bxb5 16. axb5 Nf5 17. Qd3 Qf6 18. Nd2 Nxg3 19. Qxg3 gxh4 20. Qh3 Qf4 21.
Nf3 Rg8 22. Qxh4 Qxh4 23. Nxh4 Kd7 24. Ra4 Rg5 25. Rf4 Rf8 26. c4 Rg4 27. Rxg4
hxg4 28. Nf5 Re8 29. Ng3 Re5 30. Rc1 f5 31. Kf1 f4 32. Ne2 Rh5 33. Ke1 Rh1+ 34.
Kd2 Rxc1 35. Kxc1 Bxf2 36. Kd2 f3 37. gxf3 gxf3 38. Nc1 a4 39. Kd3 Bd4 0-1

[Event "Kandidatklassen 2001"]
[Site "Nyborg"]
[Date "2001.04.11"]
[Round "2"]
[White "Harholm, Jes Uffe"]
[Black "Grabow, Pouelsten Holm"]
[Result "1/2-1/2"]
[WhiteElo "2134"]
[BlackElo "2186"]
[PlyCount "82"]
[EventDate "2001.??.??"]

1. e4 e6 2. d4 d5 3. e5 c5 4. c3 Qb6 5. Nf3 Bd7 6. a3 cxd4 7. cxd4 Bb5 8. Bxb5+
Qxb5 9. Nc3 Qd7 10. O-O Nc6 11. b4 Nge7 12. Qd3 Nc8 13. Nd2 Nb6 14. Bb2 Be7 15.
Nd1 O-O 16. Ne3 f5 17. f4 Na4 18. Rab1 a6 19. Nb3 b6 20. Ba1 b5 21. Nc5 Nxc5
22. dxc5 a5 23. Nc2 axb4 24. axb4 Ra2 25. Rf2 Qb7 26. Nd4 Rxf2 27. Kxf2 Nxd4
28. Bxd4 Ra8 29. Ra1 Rxa1 30. Bxa1 Qa6 31. Bd4 g6 32. g3 Kf7 33. Qc3 Qa2+ 34.
Qb2 Qc4 35. Qc3 Ke8 36. Qxc4 dxc4 37. Bc3 Kd7 38. Ke3 Kc6 39. Kd4 g5 40. Be1 h5
41. h4 g4 1/2-1/2

[Event "Kandidatklassen 2001"]
[Site "Nyborg"]
[Date "2001.04.11"]
[Round "2"]
[White "Rasmussen, Allan Stig"]
[Black "Lund, Silas"]
[Result "1/2-1/2"]
[WhiteElo "2274"]
[BlackElo "2305"]
[PlyCount "122"]
[EventDate "2001.??.??"]

1. e4 c6 2. d4 d5 3. exd5 cxd5 4. c4 Nf6 5. Nc3 e6 6. Nf3 Bb4 7. cxd5 Nxd5 8.
Bd2 Nc6 9. Bd3 O-O 10. O-O Nf6 11. Bg5 Be7 12. Re1 b6 13. a3 Bb7 14. Bc2 Rc8
15. Qd3 g6 16. Bh6 Re8 17. Rad1 Nd5 18. Nxd5 Qxd5 19. Qe3 Na5 20. Bb1 Nc4 21.
Qf4 Qh5 22. g4 Qh3 23. Rd3 Nd2 24. Qxf7+ Kxf7 25. Ne5+ Kg8 26. Rxh3 Nxb1 27.
Rxb1 Red8 28. Rd1 Rc2 29. Rc3 Rc8 30. Rxc8+ Rxc8 31. h3 Bf8 32. Bxf8 Kxf8 33.
Rd2 Rc1+ 34. Kh2 Ke7 35. f3 Kd6 36. h4 Re1 37. Kg3 b5 38. Kf4 Rh1 39. Kg5 Rh3
40. Rd3 Rh2 41. Rb3 a6 42. a4 Bd5 43. Rb4 Bc6 44. Nxc6 Kxc6 45. axb5+ axb5 46.
Rb3 Rh3 47. Kf6 Kd6 48. Re3 Kd5 49. Re5+ Kxd4 50. Rxb5 Rxf3+ 51. Kxe6 Kc4 52.
Rg5 Rb3 53. h5 Kd4 54. hxg6 hxg6 55. Kf6 Ke4 56. Rxg6 Kf4 57. g5 Rxb2 58. Kg7
Kf5 59. Kh7 Rb4 60. Rg7 Rh4+ 61. Kg8 Rg4 1/2-1/2

[Event "Kandidatklassen 2001"]
[Site "Nyborg"]
[Date "2001.04.11"]
[Round "2"]
[White "Larsen, Karsten"]
[Black "Carstensen, Jacob"]
[Result "1-0"]
[WhiteElo "2320"]
[BlackElo "2224"]
[PlyCount "139"]
[EventDate "2001.??.??"]

1. e4 c5 2. Nf3 d6 3. Bb5+ Nd7 4. O-O Ngf6 5. Re1 a6 6. Bf1 e5 7. c3 Be7 8. d4
O-O 9. a4 Re8 10. dxe5 dxe5 11. Bg5 Qb6 12. Nbd2 h6 13. Nc4 Qc7 14. Bxf6 Bxf6
15. Qd6 Qxd6 16. Nxd6 Re6 17. Red1 Nf8 18. Bc4 Re7 19. Bd5 Rb8 20. Nxc8 Rxc8
21. a5 Rec7 22. Nd2 Ng6 23. Nc4 Kf8 24. Nb6 Rd8 25. Kf1 Be7 26. g3 Rd6 27. Bb3
Rcc6 28. Ke2 f6 29. Ba4 Rxb6 30. axb6 Rxb6 31. Ra2 Bd6 32. Bd7 Ke7 33. Bc8 Nf8
34. Rd2 Nh7 35. Bf5 Ng5 36. h4 Nf7 37. Bh7 Nd8 38. Bg8 g6 39. Bd5 Ne6 40. Bxe6
Kxe6 41. Kd3 f5 42. Ra1 Be7 43. Re1 f4 44. Kc2 g5 45. hxg5 fxg3 46. gxh6 Kf7
47. Rg1 Rxh6 48. Rxg3 b5 49. f3 a5 50. Rdg2 Rh1 51. Rg1 Rh2+ 52. R3g2 Rh3 53.
Rf1 Rh4 54. c4 Rh8 55. Ra1 bxc4 56. Rxa5 Rh3 57. Rf2 Bh4 58. Rf1 Rh2+ 59. Kc3
Bf2 60. Kxc4 Bd4 61. b3 Rc2+ 62. Kd5 Rc3 63. Rb5 Rd3 64. f4 Ke7 65. Rb7+ Kd8
66. f5 Bf2+ 67. Ke6 Kc8 68. Rb5 Rd2 69. f6 Kc7 70. Rxf2 1-0

[Event "Kandidatklassen 2001"]
[Site "Nyborg"]
[Date "2001.04.11"]
[Round "2"]
[White "Christensen, Stefan"]
[Black "Lindestrom, Torsten"]
[Result "0-1"]
[WhiteElo "2160"]
[BlackElo "2237"]
[PlyCount "122"]
[EventDate "2001.??.??"]

1. e4 e6 2. d4 d5 3. Nc3 Nf6 4. Bg5 dxe4 5. Nxe4 Be7 6. Bxf6 gxf6 7. Nf3 b6 8.
c3 Bb7 9. Bd3 Nd7 10. Qa4 c6 11. O-O-O Qc7 12. Kb1 a5 13. c4 O-O-O 14. Rhe1
Rhg8 15. Ng3 h6 16. a3 Bf8 17. Bf1 f5 18. Rd2 Bd6 19. b4 axb4 20. axb4 Nf6 21.
c5 Bf4 22. Rc2 b5 23. Qb3 Kd7 24. Nxf5 Nd5 25. Ne3 Nxe3 26. fxe3 Bxh2 27. e4
Ke7 28. Ree2 Bf4 29. Ra2 Rg3 30. Qc3 e5 31. Qb2 Rxf3 32. gxf3 Rxd4 33. Re1 Bd2
34. Qxd2 Rxd2 35. Rxd2 Bc8 36. Red1 Be6 37. Kb2 Kf6 38. Rd6 Kg5 39. Ra1 h5 40.
Ra6 Bd7 41. Kc3 h4 42. Kd2 Qb7 43. Ra1 Be6 44. Ke3 Qc8 45. Be2 h3 46. Rg1+ Kh4
47. f4 h2 48. Rh1 Kg3 49. f5 Bxf5 50. exf5 Qxf5 51. Rdd1 Qf4+ 52. Kd3 Qc4+ 53.
Ke3 Qxb4 54. Bf3 Qf4+ 55. Kd3 Qxf3+ 56. Kc2 Qe2+ 57. Kb3 Qc4+ 58. Kb2 Qb4+ 59.
Ka2 Kg2 60. Rb1 Qxb1+ 61. Rxb1 h1=Q 0-1

[Event "Kandidatklassen 2001"]
[Site "Nyborg"]
[Date "2001.04.12"]
[Round "3"]
[White "Skytte, Rasmus"]
[Black "El Kher, Henrik"]
[Result "1/2-1/2"]
[WhiteElo "2340"]
[BlackElo "2316"]
[PlyCount "27"]
[EventDate "2001.??.??"]

1. e4 e5 2. Nf3 Nc6 3. Bb5 Nf6 4. O-O Nxe4 5. d4 Nd6 6. Bg5 Be7 7. Bxe7 Qxe7 8.
Bxc6 dxc6 9. dxe5 Nf5 10. Qd2 Be6 11. Nc3 Rd8 12. Qf4 O-O 13. Rad1 Rxd1 14.
Rxd1 1/2-1/2

[Event "Kandidatklassen 2001"]
[Site "Nyborg"]
[Date "2001.04.12"]
[Round "3"]
[White "Larsen, Karsten"]
[Black "Palo, Davor"]
[Result "1/2-1/2"]
[WhiteElo "2320"]
[BlackElo "2324"]
[PlyCount "57"]
[EventDate "2001.??.??"]

1. e4 c5 2. Nf3 e6 3. d3 Nc6 4. g3 d5 5. Nbd2 Nf6 6. Bg2 Be7 7. O-O Qc7 8. Re1
b6 9. h4 Bb7 10. e5 Nd7 11. Qe2 O-O-O 12. Nf1 h6 13. N1h2 Rdg8 14. Ng4 Nf8 15.
Bf4 g5 16. hxg5 hxg5 17. Bd2 Rh5 18. c3 Ng6 19. b4 Rgh8 20. bxc5 bxc5 21. Rab1
Ba6 22. Rb2 c4 23. d4 Nb8 24. Reb1 Nd7 25. Qd1 Qa5 26. a4 Kc7 27. Ra1 Ngf8 28.
Ne1 R5h7 29. Nc2 1/2-1/2

[Event "Kandidatklassen 2001"]
[Site "Nyborg"]
[Date "2001.04.12"]
[Round "3"]
[White "Rasmussen, Allan Stig"]
[Black "Matthiesen, Arne"]
[Result "1/2-1/2"]
[WhiteElo "2274"]
[BlackElo "2270"]
[PlyCount "81"]
[EventDate "2001.??.??"]

1. e4 c5 2. d3 Nc6 3. f4 e6 4. Nf3 d5 5. Nbd2 Nf6 6. c3 Qc7 7. e5 Nd7 8. a3 Be7
9. d4 cxd4 10. cxd4 a5 11. Bb5 Nb6 12. b3 Bd7 13. Qe2 Nxd4 14. Nxd4 Qc3 15. Rb1
Qxd4 16. Bd3 Rc8 17. Nf3 Rxc1+ 18. Rxc1 Qxf4 19. O-O O-O 20. g3 Qg4 21. Rc7 Bd8
22. Rc2 a4 23. b4 Nc4 24. Kg2 b5 25. h3 Qh5 26. Bxc4 dxc4 27. Qe3 Bc6 28. Kh2
Bd5 29. g4 Qg6 30. Rd2 Bxf3 31. Qxf3 Bc7 32. Re1 f6 33. Qc6 Bxe5+ 34. Kg2 Bc3
35. Qxe6+ Kh8 36. Qe7 Rg8 37. Rd8 Bxe1 38. Rxg8+ Kxg8 39. Qd8+ Kf7 40. Qd7+ Kf8
41. Qd6+ 1/2-1/2